000 01300cad a22002055a 4500
001 L153411
008 110722s2011 xxk f 000 0 eng d
035 _a(Sirsi) u153411
041 0 _aeng
110 2 _aUnited Kingdom
_bCabinet Office
_95270
245 0 0 _aGovernment construction
_bthe funded construction pipeline, July 2011
_h[electronic resource]
260 _aLondon
_bCO
_c2011
520 _aThe government is committed to the publication on a quarterly basis of the forward pipeline of funded construction projects, commencing in autumn 2011. Annex A of this report sets out first estimates (only) for the overall size of the forward pipeline of government procurement in construction. This has been published now to enable the construction industry to work together with government on a collaborative basis, to ensure that the autumn publication meets as fully as possible the requirements of the construction industry and helps government achieve value for money from its construction procurement.
590 _aKA NTK
651 4 _aUnited Kingdom
_y
690 _aProcurement
_96260
690 _aBUILT ENVIRONMENT-CONSTRUCTION MARKET
856 4 0 _uhttps://www.gov.uk/government/publications/government-construction-pipeline
_zView this item free of charge at www.gov.uk
942 _n0
999 _c112503
_d112503